[Event "POR-ch U14"]
[Site "Luso"]
[Date "2017.04.09"]
[Round "2"]
[White "Paz, Bernardo"]
[Black "Ferreira, Alvaro Francisco"]
[Result "1-0"]
[WhiteElo "1234"]
[BlackElo "1051"]
[PlyCount "119"]
[EventDate "2017.04.08"]
[EventType "swiss"]
[EventRounds "8"]
[EventCountry "POR"]
[SourceTitle "EXT 2018"]
[Source "ChessBase"]
[SourceDate "2017.10.13"]
[SourceVersion "1"]
[SourceVersionDate "2017.10.13"]
[SourceQuality "1"]

1. e4 e5 2. Qe2 Nf6 3. d3 Bc5 4. Be3 Bxe3 5. Qxe3 d5 6. exd5 Qxd5 7. Nc3 Qa5 8. Nf3 Nc6 9. g3 Nd5 10. Qd2 Bg4 11. Bg2 Nxc3 12. bxc3 Qd5 13. c4 Qe6 14. 0-0 Rd8 15. Rfe1 Bxf3 16. Bxf3 0-0 17. Rab1 Nd4 18. Bg2 b6 19. f4 f6 20. Bd5 Qxd5 21. cxd5 Nf3+ 22. Kg2 Nxd2 23. Rbd1 Rxd5 24. Rxd2 Re8 25. Kf3 Kf7 26. Rde2 f5 27. fxe5 Ra5 28. Kf4 g6 29. c4 Ra3 30. Rd1 Rd8 31. Red2 c5 32. d4 cxd4 33. Rxd4 Rxd4+ 34. Rxd4 Rxa2 35. Rd7+ Ke6 36. Rxh7 Re2 37. Rh6 Re4+ 38. Kf3 Rxe5 39. Rxg6+ Kf7 40. Rc6 a5 41. Rxb6 Rc5 42. Ra6 Rxc4 43. Rxa5 Kg6 44. Ra6+ Kg5 45. Ra5 Rc2 46. h4+ Kf6 47. Ra6+ Ke5 48. h5 Rc3+ 49. Kg2 Rc7 50. Ra1 Rg7 51. Kf3 Rf7 52. h6 f4 53. h7 Rxh7 54. gxf4+ Kf5 55. Ra5+ Kg6 56. Kg4 Rg7 57. f5+ Kf6+ 58. Kf4 Re7 59. Ra6+ Kg7 60. f6+ 1-0